| 000 | 01194nam a22002775i 4500 | ||
|---|---|---|---|
| 001 | 157386 | ||
| 003 | ES-MaACL | ||
| 005 | 20250930063135.0 | ||
| 008 | 940805s1882 sp |||| | spa d | ||
| 040 |
_aCAT _bspa _cCAT _dCCPB |
||
| 080 | 4 | _a616 | |
| 100 | 1 |
_aLebert, Hermann, _d1813-1878 _9128804 |
|
| 245 | 1 | 0 |
_aTratado clínico y práctico de la tisis pulmonar y de las enfermedades tuberculosas de los diferentes órganos / _cpor el doctor H. Lebert ; versión española de Carlos María Cortezo. |
| 260 |
_aMadrid [etc.] : _bCarlos Bailly-Baillière, Librería Extranjera y Nacional, Científica y Literaria [etc.], _c1882. |
||
| 300 |
_a741 [i.e. 441] p. ; _c22 cm. |
||
| 490 | 1 | _aBiblioteca escogida de El Siglo Médico | |
| 650 | 7 |
_aTuberculosis _2embne _917658 |
|
| 700 | 1 |
_aCortezo, Carlos María ( _dn. 1850), _etrad. _9188112 |
|
| 700 | 1 |
_aBailly-Baillière, Charles. _9125784 |
|
| 710 | 2 |
_aLibrería Extranjera y Nacional, Científica y Literaria (Madrid) _9134643 |
|
| 752 |
_aEspaña - _dMadrid |
||
| 830 | 0 |
_aBiblioteca escogida de El Siglo Médico _9182501 |
|
| 852 |
_aES-MaACL _jF-12288 _z-- Enc. hol. |
||
| 999 |
_c157386 _d157386 |
||